Obálka Náhled e-knihy:
PDF Epub
Pro půjčování e-knih musíte být přihlášeni.
Jak si půjčit online?

Humor & sex. 1, Erotické pohádky /

Reedice autorčiných erotických variací na známé pohádkové náměty.

Uloženo v:
Série:Humor & Sex, část 1
Hlavní autor: Moody, Jitka, 1973- (Autor)
Médium: E-kniha
Jazyk:Czech
Vydáno: [Brno] : Jitka Moody, 2023
Vydání:První vydání
Témata:
Příbuzné jednotky:Z cyklu:: Humor & Sex
Tagy:
Žádné tagy
LEADER 02280nam a2200469 i 4500
001 311882
003 CZ PrSKC
005 20260601215713.0
007 ta
008 230307s2023 xr e 000 j cze
015 |a cnb003494350 
020 |a 9788090885813  |q (brožováno) 
035 |a (OCoLC)1375349004 
040 |a ABG001  |b cze  |d ABA001  |e rda 
072 7 |a 821.162.3-3  |x Česká próza  |2 Konspekt 
080 |a 821.162.3-32  |2 MRF 
080 |a (0:82-993)  |2 MRF 
080 |a (0:82-321.5)  |2 MRF 
100 1 |a Moody, Jitka,  |d 1973-  |7 mzk2008453312  |4 aut  |4 pbl 
245 1 0 |a Humor & sex.  |n 1,  |p Erotické pohádky /  |c Jitka Moody 
246 3 |a Humor a sex 
246 1 |i Název v tiráži:  |a Humor & sex 01 - Erotické pohádky 
246 3 0 |a Erotické pohádky 
250 |a První vydání 
264 1 |a [Brno] :  |b Jitka Moody,  |c 2023 
300 |a 175 stran ;  |c 20 cm 
336 |a text  |b txt  |2 rdacontent 
337 |a bez média  |b n  |2 rdamedia 
338 |a svazek  |b nc  |2 rdacarrier 
520 2 |a Reedice autorčiných erotických variací na známé pohádkové náměty.  |b Dvaadvacet erotických pohádek na motivy klasických pohádek. Psáno s lehkým humorem a erotika je zde spíše jako zápletka. Co když to nebyla růže, o co se píchla Šípková Růženka? Co byste tak řekli, že lampa mohla provést chudákovi Aládinovi? Také Pinocchio měl třeba jiný úd, který mu narůstal s tím, jak zalhal. Nakladatelská anotace. Kráceno. 
655 7 |a české povídky  |7 fd133971  |2 czenas 
655 7 |a erotické povídky  |7 fd132208  |2 czenas 
655 7 |a humoristické povídky  |7 fd132428  |2 czenas 
655 9 |a Czech short stories  |2 eczenas 
655 9 |a erotic short stories  |2 eczenas 
655 9 |a humorous short stories  |2 eczenas 
900 |a ABA001  |b 19 
044 |a xr 
787 0 8 |g 1  |i Z cyklu:  |t Humor & Sex 
910 |a RBIT002 
998 |d 371573  |a https://core.palmknihy.cz/api/books/371573/cover?rrxddv  |b https://core.palmknihy.cz/api/books/371573/cover/400?rrxddv  |c https://core.palmknihy.cz/api/books/371573/cover/50?rrxddv  |e   |g 178  |i 9788090885813  |j https://core.palmknihy.cz/api/books/371573/preview.epub  |k https://core.palmknihy.cz/api/books/371573/preview.pdf  |l   |q 49  |r 1  |s https://www.palmknihy.cz/kniha/371573  |t ebook  |y 2023  |z 0  |v Humor & Sex  |w 1 
999 |d 311880